| 000 | 00555nam a2200181Ia 4500 | ||
|---|---|---|---|
| 008 | 090201s9999 xx 000 0 und d | ||
| 010 | _aKPL-67725 | ||
| 040 | _bमराठी | ||
| 041 | _aमराठी | ||
| 082 |
_a45389 _b67725 |
||
| 100 | _a विश्राम गुप्ते | ||
| 245 |
_aअल तमीर _c विश्राम गुप्ते |
||
| 250 | _a1 | ||
| 260 |
_c2005 _bकॉन्टीनेंटल प्रकाशन |
||
| 300 |
_a288 _bमोठा |
||
| 600 | _aअल तमीर | ||
| 942 | _cBOOK | ||
| 999 |
_c242303 _d242303 |
||